000 00568nam a2200217Ia 4500
003 OSt
005 20220928145024.0
006 a|||||r|||| 00| 0
007 ta
008 220927b |||||||| |||| 00| 0 eng d
024 _a78324
037 _cTextual
040 _aSDCL
_cSDCL
_beng
041 _2eng
_aeng
082 _aO-,1K06:g, K8
100 _aChernaik Warren L
_9511293
245 0 _aPoetry of limitation
_b A study of Edmund Waller.
260 _c1968
942 _hO-,1K06:g, K8
_cTEXL
_2CC
999 _c831541
_d831541